| 000 | 00453nam a22001577a 4500 | ||
|---|---|---|---|
| 008 | 230322b |||||||| |||| 00| 0 eng d | ||
| 040 |
_aNational Science Library _cNational Science Library |
||
| 080 |
_aD 681.324 _bN8 |
||
| 100 | 1 |
_aKing, Robert _94186 |
|
| 245 |
_aMCSE exam notes: _bExchange server 5.5 |
||
| 260 |
_aNew Delhi: _bBPB Publications, _c1998 |
||
| 300 | _axxii, 343p. | ||
| 650 | _aComputer | ||
| 653 | _aNetwork | ||
| 942 |
_2udc _cBK |
||
| 999 |
_c16211 _d16211 |
||